| 000 | 00698nam a22002177a 4500 | ||
|---|---|---|---|
| 005 | 20170124105941.0 | ||
| 010 | _aA-408695 | ||
| 020 | _c00.00 | ||
| 035 | _aA-408695 | ||
| 037 | _bCen Lib/Ret | ||
| 040 |
_aDPL _bEN |
||
| 082 |
_a331.88 _bVER |
||
| 100 |
_aVerma, Pramod _911112 |
||
| 245 |
_aTrade unions in india : _cby Pramod Verma [and] Surya Mookherjee _bconcepts, cases and case-law / |
||
| 260 |
_aNew Delhi _bOxford and IBH Publishing _c1982 |
||
| 270 |
_a66 Janpath _bNew Delhi _e110028 |
||
| 300 |
_aviii,408p. : _c21cm(Hb) |
||
| 650 |
_aEconomics _974653 |
||
| 650 |
_aTrade union _911114 |
||
| 942 |
_2ddc _cEN _h331.88 _mVER |
||
| 999 |
_c124547 _d124547 |
||